00317 a2200121 4500001000700000020000600007040001100013100002800024240005800052245005300110362000900163440002300172173702 a  cMagnum aNunes, Marcomede Rangel10aA antinha e o cabure e outros bichos da florestalpor10aA antinha e o cabure e outros bichos da floresta0 a1899 1aAo Livro Técnico